What katy did / (Record no. 156090)

MARC details
000 -LEADER
fixed length control field 00634cam a2200217 a 4500
005 - DATE AND TIME OF LATEST TRANSACTION
control field 20211011120529.0
010 ## - LCCN (DPL NO)
LC control number B-701345-346 B-741728
020 ## - INTERNATIONAL STANDARD BOOK NUMBER
International Standard Book Number 9789352750405
Terms of availability 195.00
035 ## - SYSTEM CONTROL NUMBER
System control number B-701345-346
035 ## - SYSTEM CONTROL NUMBER
System control number B-741728
037 ## - SOURCE OF ACQUISITION
Stock number DBAD
Source of stock number/acquisition dpl
037 ## - SOURCE OF ACQUISITION
Source of stock number/acquisition Gift
082 ## - DEWEY DECIMAL CLASSIFICATION NUMBER
Classification number S
100 1# - MAIN ENTRY--PERSONAL NAME
Personal name Coolidge, Susan
245 14 - TITLE STATEMENT
Title What katy did /
Statement of responsibility, etc by Susan Coolidge
260 ## - PUBLICATION, DISTRIBUTION, ETC. (IMPRINT)
Place of publication, distribution, etc London
Name of publisher, distributor, etc Scholastic
Date of publication, distribution, etc 2017
300 ## - PHYSICAL DESCRIPTION
Extent 197p:
Dimensions 21 cm.(pbk)
942 ## - ADDED ENTRY ELEMENTS (KOHA)
Source of classification or shelving scheme Dewey Decimal Classification
Item type Children Books
Classification part S
Call number suffix COO
Holdings
Withdrawn status Lost status Not for loan Collection code Home library Current library Date acquired Source of acquisition Cost, normal purchase price Full call number Barcode Copy number Cost, replacement price Koha item type Public note
      Fiction Ashok Vihar Ashok Vihar 20/08/2018 DBAD/Children/Gift/10.08.2018 195.00 S COO B-701345 2 195.00 Children Books  
      Fiction Ashok Vihar Ashok Vihar 20/08/2018 DBAD/Children/Gift/10.08.2018 195.00 S COO B-701346 2 195.00 Children Books  
      Fiction Bawana Bawana 11/10/2021 Gift/4.10.2021 195.00 S COO B-741728 1 195.00 Children Books Gift

© Delhi Public Library
Hit Counter
free hit counter